Statistics for UK political party logos

Click here to take the quiz!

General Stats

  • This quiz has been taken 314 times
    (295 since last reset)
  • The average score is 7 of 12

Answer Stats

ColourLogoParty% Correct
YellowLiberty birdLiberal Democrats
97%
Purple & yellowPound symbol (£)UKIP
88%
BlueOak treeConservatives
87%
GreenSunflower/planet EarthGreen Party
86%
RedRoseLabour
80%
GreenMap of IrelandSinn Fein
67%
GreenYellow Welsh poppyPlaid Cymru
59%
YellowSaltireScottish National Party
58%
Red, white & blueUnion Flag in shape of a heartBritish National Party
36%
Red, white & blueUnion Flag in shape of Northern IrelandUlster Unionist Party
28%
Red, white & blueLionDemocratic Unionist Party
23%
Green, red & yellowTriskelionSocial Democratic & Labour Party
7%

Score Distribution

Percentile by Number Answered

Percent of People with Each Score

Your Score History

You have not taken this quiz since the last reset